000
00307 a2200145 4500
001
171745
020
_a
040
_c
Magnum
100
_a
-
240
1
0
_a
Negrinho do pastoreio/edelbra
_l
por
245
1
0
_a
Negrinho do pastoreio/edelbra
362
0
_a
1899
697
_a
I/LENDAS, FOLCLORE
942
_c
BK
999
_c
171745
_d
171745